| 000 | 00906nam a2200229 i 4500 | ||
|---|---|---|---|
| 001 | 123906 | ||
| 003 | ES-MaACL | ||
| 005 | 20250730063128.0 | ||
| 007 | t| | ||
| 008 | 070214s1961 sp |||| | spa d | ||
| 100 | 1 |
_aRamírez de Haro, Diego, _ds. XVI _9163086 |
|
| 245 | 1 | 0 |
_aTratado de la brida y gineta y de las caballerías que en entrambas sillas se hazen [sic] y enseñan a los cauallos [sic] y de las formas de torear a pie y a cauallo [sic]. _n(tercera parte). |
| 260 |
_aMadrid : _bUnión de Bibliófilos Taurinos, _c1961. |
||
| 300 |
_a106 p. ; _c23 cm. |
||
| 490 | 1 |
_aColección Carmena ; _v4 |
|
| 650 | 4 |
_aEquitación- _vObras anteriores a 1800. _9152323 |
|
| 650 | 4 |
_aTauromaquia- _vObras anteriores a 1800. _9152377 |
|
| 710 | 2 |
_aUnión de Bibliófilos Taurinos. _97005 |
|
| 830 | 0 |
_aColección Carmena ; _v4 _9183843 |
|
| 852 |
_aES-MaACL _jC-21288 |
||
| 999 |
_c123906 _d123906 |
||